One Vowel Four Times Quiz Stats

 Plays Quiz Updated Nov 4, 2014

Challenge
Share
Tweet
Embed
Score 0/52 Timer 12:00
0 Plays Today
% Correct
Alabama
81.3%
Mississippi
77.4%
abracadabra
77.3%
Panama Canal
65.8%
Tennessee
65.6%
referee
64.5%
Magna Carta
60.7%
gingivitis
59.1%
foot doctor
58.5%
cookbook
57.2%
fender bender
57.1%
voodoo doll
53.5%
Renée Zellweger
49.9%
Lynyrd Skynyrd
48.3%
evergreen trees
45.4%
muumuu
42.1%
jambalaya
42%
asthma attacks
41.5%
Ellen Degeneres
37.7%
beekeeper
36.4%
footstool
36.1%
effervescence
35.2%
Book of Mormon
34.8%
bejeweled
31.5%
Madagascar
31.3%
pasta salad
29%
% Correct
Santa Barbara
26.9%
comfort food
21.5%
Fleet Street
19.1%
balaclava
18.9%
foolproof
18.3%
door-to-door
18%
catamaran
17.5%
Panama hat
16.5%
Song of Solomon
15.6%
good looks
14.6%
deep freeze
11.6%
common good
9.9%
katakana
9.8%
Maharaja
9.4%
Pete Seeger
9%
nihilistic
8.1%
Helter Skelter
6.7%
fennel seed
6.2%
feel free
4.7%
control room
4.6%
Mahayana
4.5%
defenseless
3.3%
Malayalam
3.1%
letter perfect
2.1%
Bessemer steel
1.9%
motor control
1.4%

You're not logged in!

Compare scores with friends on all Sporcle quizzes.
OR
Log In

You Might Also Like...

Show Comments

Extras

Top Quizzes Today


Score Distribution

Your Account Isn't Verified!

In order to create a playlist on Sporcle, you need to verify the email address you used during registration. Go to your Sporcle Settings to finish the process.

Report this User

Report this user for behavior that violates our Community Guidelines.

Details: